[Event "Paul Keres muistoturnaus Parnu"]
[Site "?"]
[Date "2021.08.03"]
[Round "5"]
[White "Valkama, Eero"]
[Black "Golubovskis, Maksims"]
[Result "0-1"]
[WhiteElo "2278"]
[BlackElo "2273"]
[PlyCount "106"]
[EventDate "2021.??.??"]
[SourceDate "2021.11.06"]
[SourceVersionDate "2021.11.06"]

1. e4 c5 2. Nf3 d6 3. Bb5+ Nd7 4. d4 cxd4 5. Qxd4 a6 6. Bxd7+ Qxd7 7. O-O e5 8.
Qd3 f5 9. Nc3 Nf6 10. Bg5 Nxe4 11. Nxe4 fxe4 12. Qxe4 Qg4 13. Qd5 Qe6 14. Qd2
h6 15. Bh4 g5 16. Bg3 Be7 17. Qe3 O-O 18. Rfe1 Bd7 19. Nd4 Qf7 20. Qe4 Rab8 21.
c4 Bd8 22. Nb3 b6 23. Rad1 Be7 24. Nd4 Rfc8 25. b3 b5 26. cxb5 axb5 27. Qe2 Rb7
28. Nc2 Rbc7 29. Nb4 Bf8 30. Rd2 Rc5 31. Red1 Qf5 32. h3 Be6 33. f3 Bd7 34. Bf2
Rc1 35. Be3 e4 36. fxe4 Qxe4 37. Nd5 Bg7 38. Qd3 Qe5 39. Bf2 Kh8 40. Nb6 R8c3
41. Qf1 Rxd1 42. Qxd1 Bc6 43. Bd4 Qe4 44. Bxg7+ Kxg7 45. Nc8 Re3 46. Kf1 Qf5+
47. Rf2 Qxc8 48. Qxd6 Qe6 49. Qd4+ Qe5 50. Qa7+ Qe7 51. Qd4+ Kg8 52. Qd2 b4 53.
Qc1 Bb5+ 0-1

[Event "Paul Keres muistoturnaus Parnu"]
[Site "?"]
[Date "2021.08.04"]
[Round "6"]
[White "Haitin, Ilja"]
[Black "Valkama, Eero"]
[Result "1-0"]
[WhiteElo "2320"]
[BlackElo "2278"]
[PlyCount "87"]
[EventDate "2021.??.??"]
[SourceDate "2021.11.06"]
[SourceVersionDate "2021.11.06"]

1. d4 Nf6 2. c4 e6 3. Nf3 b6 4. Bf4 Bb7 5. e3 Be7 6. Nc3 d5 7. Qa4+ c6 8. cxd5
Nxd5 9. Nxd5 Qxd5 10. Be2 b5 11. Qa5 Na6 12. a3 Qd8 13. Qxd8+ Bxd8 14. O-O Nc7
15. Rfc1 Nd5 16. Bg3 f6 17. Nd2 Kd7 18. Nb3 Bb6 19. e4 Ne7 20. Nc5+ Bxc5 21.
Rxc5 a6 22. h4 Rhf8 23. Rac1 Rac8 24. Bd1 f5 25. f3 Rf6 26. Be5 Rf7 27. h5 Ng8
28. exf5 exf5 29. Bb3 Re7 30. f4 Nh6 31. d5 Ng4 32. d6 Ree8 33. R1c3 Rcd8 34.
Rg3 Bc8 35. Bd1 Ke6 36. Rxc6 Nxe5 37. fxe5 Kxe5 38. Rxc8 Rxc8 39. d7 Red8 40.
dxc8=Q Rxc8 41. Rxg7 Rd8 42. Bf3 Rd2 43. Rxh7 Rxb2 44. Ra7 1-0

[Event "Paul Keres muistoturnaus Parnu"]
[Site "?"]
[Date "2021.08.05"]
[Round "7"]
[White "Valkama, Eero"]
[Black "Chukavin, Kirill"]
[Result "1/2-1/2"]
[WhiteElo "2278"]
[BlackElo "2370"]
[PlyCount "142"]
[EventDate "2021.??.??"]
[SourceDate "2021.11.06"]
[SourceVersionDate "2021.11.06"]

1. e4 c5 2. Nf3 e6 3. g3 d6 4. Bg2 Nf6 5. Nc3 Be7 6. O-O Nc6 7. d4 cxd4 8. Nxd4
O-O 9. h3 Bd7 10. Be3 a6 11. Qd2 Rc8 12. Nde2 b5 13. b3 Qc7 14. Rac1 Nb8 15.
Qd4 Bc6 16. g4 Nfd7 17. Ng3 Rfd8 18. g5 Bb7 19. Nce2 d5 20. exd5 Bc5 21. Qf4
Qxf4 22. Nxf4 e5 23. Nd3 Ba3 24. c4 Bxc1 25. Rxc1 bxc4 26. bxc4 a5 27. Nf5 Ba6
28. Ne7+ Kf8 29. Nxc8 Rxc8 30. Nb2 Nc5 31. Bd2 Nb7 32. h4 Nd7 33. Bh3 Ke7 34.
f4 f6 35. Bf5 Nd6 36. Bxd7 Kxd7 37. fxe5 Nxc4 38. Nxc4 Rxc4 39. Re1 fxe5 40.
Rxe5 Rxh4 41. Bxa5 Bd3 42. Re3 Bc4 43. Rg3 g6 44. a3 Bxd5 45. Kf2 Ke6 46. Bd2
Kf5 47. Ke3 Re4+ 48. Kd3 Ra4 49. Bb4 Kf4 50. Rg1 Ra7 51. Kc2 Be4+ 52. Kb2 Rd7
53. Kc1 Rc7+ 54. Kd1 Rc2 55. Bd2+ Ke5 56. Rg3 Ra2 57. Rc3 Kd4 58. Ke2 Bf5 59.
Rg3 Rc2 60. a4 Ra2 61. a5 Kd5 62. Ke3 Ra3+ 63. Kf2 Ra2 64. Ke3 Be4 65. Ke2 Bf5
66. Ke3 Bc8 67. Rf3 Ra3+ 68. Kf2 Ra2 69. Ke3 Ra3+ 70. Kf2 Ra2 71. Ke3 Ra3+
1/2-1/2

[Event "Paul Keres muistoturnaus Parnu"]
[Site "?"]
[Date "2021.08.05"]
[Round "8"]
[White "Timoshin, Andrei"]
[Black "Valkama, Eero"]
[Result "0-1"]
[WhiteElo "2147"]
[BlackElo "2278"]
[PlyCount "178"]
[EventDate "2021.??.??"]
[SourceDate "2021.11.06"]
[SourceVersionDate "2021.11.06"]

1. e4 e5 2. Nf3 Nc6 3. Nc3 Nf6 4. d4 exd4 5. Nxd4 Bb4 6. Nxc6 bxc6 7. Bd3 d5 8.
exd5 cxd5 9. O-O O-O 10. h3 c6 11. Qf3 Rb8 12. Bf4 Bd6 13. b3 Rb4 14. Bxd6 Qxd6
15. Ne2 c5 16. c4 d4 17. Qf4 Rb6 18. Rfe1 Re8 19. Qxd6 Rxd6 20. Nf4 Rxe1+ 21.
Rxe1 g5 22. Ne2 h6 23. Kf1 Kf8 24. f3 Re6 25. Kf2 Re3 26. Rd1 a5 27. a3 Nd7 28.
b4 Ne5 29. Bb1 Rxa3 30. bxc5 d3 31. Nd4 Rc3 32. Ke3 Nxc4+ 33. Kf2 Ne5 34. c6
Ba6 35. g4 Nxc6 36. Nf5 a4 37. Ke3 Nb4 38. Nxh6 Bc8 39. f4 gxf4+ 40. Kxf4 a3
41. Ke5 a2 42. Bxa2 Nxa2 43. Kd4 Ra3 44. Rxd3 Rxd3+ 45. Kxd3 Kg7 46. g5 Bxh3
47. Ke3 Nc3 48. Kf3 Nd5 49. Kg3 Be6 50. Kh4 Ne7 51. Kh5 Ng8 52. Nxf7 Bxf7+ 53.
Kg4 Kg6 54. Kf4 Ne7 55. Kg4 Nd5 56. Kf3 Nb6 57. Kf4 Nc4 58. Kg4 Be6+ 59. Kf4
Bd5 60. Kg4 Nd2 61. Kf4 Nf3 62. Ke3 Kxg5 63. Kd3 Kf4 64. Kc3 Ke4 65. Kc2 Kd4
66. Kb2 Kc4 67. Kc2 Be4+ 68. Kb2 Nd4 69. Ka1 Kc3 70. Ka2 Nb3 71. Ka3 Bb1 72.
Ka4 Nd4 73. Ka5 Kc4 74. Kb6 Nb5 75. Kc6 Bf5 76. Kb6 Be4 77. Ka5 Kc5 78. Ka4
Bc2+ 79. Ka5 Bd1 80. Ka6 Nd6 81. Ka5 Nb7+ 82. Ka6 Kc6 83. Ka7 Kc7 84. Ka6 Be2+
85. Ka7 Nd6 86. Ka8 Ba6 87. Ka7 Bc8 88. Ka8 Bb7+ 89. Ka7 Nc8# 0-1

[Event "Paul Keres muistoturnaus Parnu"]
[Site "?"]
[Date "2021.08.06"]
[Round "9"]
[White "Valkama, Eero"]
[Black "Storme, Isak"]
[Result "1/2-1/2"]
[WhiteElo "2278"]
[BlackElo "2398"]
[PlyCount "65"]
[EventDate "2021.??.??"]
[SourceDate "2021.11.06"]
[SourceVersionDate "2021.11.06"]

1. e4 c5 2. Nf3 d6 3. Bb5+ Bd7 4. Bxd7+ Nxd7 5. O-O Ngf6 6. Qe2 e6 7. b3 Be7 8.
Bb2 O-O 9. c4 e5 10. Nc3 Nh5 11. g3 g6 12. Ne1 Ng7 13. Nd3 Ne6 14. Nd5 Nf6 15.
f4 Nxd5 16. exd5 Nd4 17. Bxd4 exd4 18. f5 Bg5 19. Nf2 Re8 20. Qd3 Qe7 21. h4
Bf6 22. Ng4 Bg7 23. f6 Qd7 24. Qf3 h5 25. Nf2 Bh6 26. Ne4 Re5 27. Kg2 Rae8 28.
d3 Be3 29. Rae1 Rf5 30. Qe2 Rfe5 31. Qf3 Rf5 32. Qe2 Rfe5 33. Qf3 1/2-1/2

[Event "Ciutat de Barcelona A 2021"]
[Site "?"]
[Date "2021.08.20"]
[Round "3"]
[White "Peralta, Fernando"]
[Black "Koykka, Pekka"]
[Result "1-0"]
[WhiteElo "2570"]
[BlackElo "2365"]
[PlyCount "77"]
[EventDate "2021.08.18"]
[SourceDate "2021.11.06"]
[SourceVersionDate "2021.11.06"]

1. d4 f5 2. g3 Nf6 3. Bg2 g6 4. Nf3 Bg7 5. O-O O-O 6. c4 d6 7. Nc3 Qe8 8. d5 a5
9. Re1 Na6 10. Be3 Bd7 11. Bd4 c5 12. Bxf6 exf6 13. Qd2 Nc7 14. e4 Qd8 15. Qf4
Ra6 16. exf5 Bxf5 17. a4 Bd7 18. Nb5 g5 19. Qe3 Ne8 20. Re2 Ra8 21. Rae1 Rf7
22. Qd3 Bf8 23. Nd2 Ng7 24. Re6 Bxb5 25. cxb5 c4 26. Nxc4 Nxe6 27. dxe6 Re7 28.
Bd5 Rc8 29. Kg2 Rc5 30. Rh1 Qc8 31. Re1 Kh8 32. Nxd6 Qd8 33. Bb3 Kg8 34. Rd1 b6
35. Qf3 Qc7 36. Nf5 Rxf5 37. Qxf5 Qe5 38. Qxe5 fxe5 39. Rd6 1-0

[Event "Nopean shakin SM 2020"]
[Site "?"]
[Date "2020.08.22"]
[Round "1"]
[White "Rinne, Heini"]
[Black "Keinanen, Toivo"]
[Result "0-1"]
[WhiteElo "1920"]
[BlackElo "2512"]
[PlyCount "68"]
[EventDate "2020.??.??"]
[SourceDate "2021.11.06"]
[SourceVersionDate "2021.11.06"]

1. d4 d5 2. c4 e6 3. Nc3 Be7 4. Nf3 Nf6 5. Bg5 h6 6. Bh4 O-O 7. e3 b6 8. cxd5
exd5 9. Be2 Be6 10. Ne5 Nfd7 11. Bxe7 Qxe7 12. Nd3 c6 13. Nf4 Bf5 14. Bd3 Bxd3
15. Qxd3 Nf6 16. O-O Nbd7 17. Rfc1 Rac8 18. a4 a5 19. Qc2 Qd6 20. Qb3 Rfe8 21.
Rd1 g5 22. Nfe2 Ng4 23. Ng3 h5 24. h3 Nxe3 25. Re1 Nc4 26. Qc2 Qg6 27. Rxe8+
Rxe8 28. Qxg6+ fxg6 29. b3 Nd2 30. Nf1 Nxb3 31. Rd1 Nf6 32. Ne3 Ne4 33. Ne2
Ned2 34. Nf1 Rxe2 0-1

[Event "Nopean shakin SM 2020"]
[Site "?"]
[Date "2020.08.22"]
[Round "2"]
[White "Keinanen, Toivo"]
[Black "Kiltti, Jyrki"]
[Result "1/2-1/2"]
[WhiteElo "2512"]
[BlackElo "2208"]
[PlyCount "74"]
[EventDate "2020.??.??"]
[SourceDate "2021.11.06"]
[SourceVersionDate "2021.11.06"]

1. d4 Nf6 2. c4 c5 3. Nf3 cxd4 4. Nxd4 Nc6 5. g3 g6 6. Bg2 Bg7 7. O-O O-O 8.
Nc3 d6 9. Nxc6 bxc6 10. Bxc6 Bh3 11. Bg2 Bxg2 12. Kxg2 Rc8 13. Qd3 Qc7 14. b3
d5 15. Qf3 dxc4 16. b4 Rfd8 17. Bf4 e5 18. Bg5 e4 19. Nxe4 Nxe4 20. Bxd8 Qxd8
21. Qxe4 Bxa1 22. Rxa1 c3 23. Rc1 Qb6 24. Rc2 h5 25. h3 Qb5 26. a3 Qa4 27. Qd3
Qxa3 28. b5 Qb4 29. Kh2 Kg7 30. e3 Rc5 31. Kg2 Rc4 32. Kh2 Qc5 33. h4 Qb4 34.
Kg1 Qc5 35. Kh2 Qb4 36. Kg1 Qc5 37. Kh2 Qb4 1/2-1/2

[Event "Nopean shakin SM 2020"]
[Site "?"]
[Date "2020.08.22"]
[Round "2"]
[White "Nazarova, Anastasia"]
[Black "Sammalvuo, Tapani"]
[Result "0-1"]
[WhiteElo "2192"]
[BlackElo "2409"]
[PlyCount "64"]
[EventDate "2020.??.??"]
[SourceDate "2021.11.06"]
[SourceVersionDate "2021.11.06"]

1. e4 e5 2. Nf3 Nf6 3. d4 Nxe4 4. Bd3 d5 5. Nxe5 Nd7 6. O-O Nxe5 7. dxe5 Nc5 8.
Be2 Be7 9. Bf4 Bf5 10. Nc3 c6 11. Bf3 Qd7 12. Bg3 O-O 13. Ne2 Ne6 14. Nd4 Nxd4
15. Qxd4 Bxc2 16. Rac1 Bf5 17. b4 Be6 18. Rfd1 a5 19. b5 c5 20. Rxc5 Bxc5 21.
Qxc5 Rfc8 22. Qd6 Qxb5 23. Bh4 Qa4 24. Qe7 Re8 25. Qg5 Qxa2 26. Qg3 Qc2 27. Bh5
Kh8 28. h3 a4 29. Rd3 a3 30. Bf6 gxf6 31. Qh4 Qc1+ 32. Kh2 Qg5 0-1

[Event "Nopean shakin SM 2020"]
[Site "?"]
[Date "2020.08.22"]
[Round "2"]
[White "Luukkonen, Tommi"]
[Black "Vihinen, Teemu"]
[Result "1-0"]
[WhiteElo "2333"]
[BlackElo "2169"]
[PlyCount "67"]
[EventDate "2020.??.??"]
[SourceDate "2021.11.06"]
[SourceVersionDate "2021.11.06"]

1. e4 e6 2. d4 d5 3. Nd2 h6 4. Ngf3 Nf6 5. Bd3 c5 6. exd5 Qxd5 7. O-O cxd4 8.
Nb3 Nc6 9. Nfxd4 Nxd4 10. Nxd4 Bd7 11. Be3 Be7 12. c4 Qh5 13. Be2 Qa5 14. Bf3
Qc7 15. Qb3 O-O 16. Qxb7 Qxb7 17. Bxb7 Rab8 18. Ba6 Rxb2 19. Nb3 Rc2 20. Rfd1
Rb8 21. Nd4 Rcb2 22. Nb5 Bxb5 23. cxb5 Nd5 24. Bxa7 Ra8 25. Bd4 Rb4 26. Rac1
Ra4 27. Rc8+ Rxc8 28. Bxc8 Bd8 29. Bb7 Rxa2 30. Bxd5 exd5 31. Rb1 Ra8 32. b6
Rb8 33. b7 Bc7 34. Ba7 1-0

[Event "Nopean shakin SM 2020"]
[Site "?"]
[Date "2020.08.22"]
[Round "2"]
[White "Kiili, Markus"]
[Black "Heinola, Vesa-Pekka"]
[Result "0-1"]
[WhiteElo "2161"]
[BlackElo "2324"]
[PlyCount "102"]
[EventDate "2020.??.??"]
[SourceDate "2021.11.06"]
[SourceVersionDate "2021.11.06"]

1. e4 c5 2. Nf3 e6 3. d3 Nc6 4. g3 g6 5. Bg2 Bg7 6. O-O Nge7 7. c3 d5 8. Nbd2
O-O 9. Re1 dxe4 10. dxe4 e5 11. Qe2 h6 12. a4 Be6 13. Nc4 Qc7 14. Bd2 b6 15.
Rad1 Rad8 16. Bc1 Kh7 17. h3 Nc8 18. Kh2 Rde8 19. Nfd2 N6e7 20. Nf3 Nc6 21.
Nfd2 f6 22. h4 Qf7 23. h5 N6e7 24. Bf3 g5 25. Kg2 Rd8 26. b3 Nc6 27. Nf1 N6e7
28. Nfe3 Kh8 29. Rh1 Rxd1 30. Rxd1 f5 31. exf5 Nxf5 32. Ng4 Bxc4 33. bxc4 Qe7
34. Re1 Re8 35. Bc6 Rd8 36. Nxe5 Qf6 37. Bd5 Ncd6 38. Bd2 Kh7 39. Ng4 Qf8 40.
Qf3 Re8 41. Rxe8 Qxe8 42. Bc6 Qe7 43. Bd5 Qe8 44. Ne3 Nxe3+ 45. fxe3 Qe5 46. e4
Qf6 47. Qg4 Qe5 48. Qd7 Nxe4 49. Be1 Nf6 50. Qf7 Qxe1 51. Qg6+ Kh8 0-1

[Event "Nopean shakin SM 2020"]
[Site "?"]
[Date "2020.08.22"]
[Round "2"]
[White "Ronka, Erik"]
[Black "Kumpulainen, Kalle"]
[Result "1-0"]
[WhiteElo "2294"]
[BlackElo "2052"]
[PlyCount "97"]
[EventDate "2020.??.??"]
[SourceDate "2021.11.06"]
[SourceVersionDate "2021.11.06"]

1. e4 c5 2. Nf3 d6 3. d4 cxd4 4. Nxd4 Nf6 5. Nc3 a6 6. Be3 e5 7. Nb3 Be6 8. f3
h5 9. Nd5 Bxd5 10. exd5 Nbd7 11. Qd2 g6 12. Be2 Be7 13. c4 Kf8 14. O-O Kg7 15.
Rac1 b6 16. Na1 Qc7 17. b4 Rhe8 18. Nb3 Qb7 19. g4 hxg4 20. Bh6+ Kh7 21. fxg4
Bf8 22. Be3 Bg7 23. g5 Ne4 24. Qc2 f5 25. gxf6 Nexf6 26. Bd3 e4 27. Be2 Ne5 28.
Nd4 Nfg4 29. Bg5 Qd7 30. Ne6 Nf3+ 31. Bxf3 exf3 32. Qe4 Ne5 33. Bf4 Rxe6 34.
dxe6 Qc6 35. Qxc6 Nxc6 36. Rxf3 Re8 37. Rd1 Ne5 38. Rh3+ Kg8 39. Rxd6 Nxc4 40.
Rc6 b5 41. a4 Bd4+ 42. Kh1 Kg7 43. axb5 axb5 44. Rd3 Ne5 45. Bxe5+ Bxe5 46. Rd5
Kf6 47. Rxb5 Rh8 48. e7+ Kf5 49. Rcc5 1-0

[Event "Nopean shakin SM 2020"]
[Site "?"]
[Date "2020.08.22"]
[Round "2"]
[White "Henriksson, Svante"]
[Black "Jarvenpaa, Jari"]
[Result "0-1"]
[WhiteElo "2034"]
[BlackElo "2278"]
[PlyCount "114"]
[EventDate "2020.??.??"]
[SourceDate "2021.11.06"]
[SourceVersionDate "2021.11.06"]

1. d4 d5 2. Nf3 Nf6 3. c4 dxc4 4. e3 a6 5. Bxc4 b5 6. Bb3 e6 7. O-O Bb7 8. Qe2
c5 9. Rd1 Nbd7 10. a4 b4 11. Nbd2 Be7 12. e4 cxd4 13. Nxd4 Nc5 14. Qe3 Nxb3 15.
N4xb3 Nxe4 16. Qe2 Nxd2 17. Rxd2 Bd5 18. Nd4 Qd7 19. b3 Qb7 20. Nf3 Bxf3 21.
Qxf3 Qxf3 22. gxf3 Bf6 23. Bb2 Bxb2 24. Rxb2 Rc8 25. a5 Ke7 26. Ra4 Rc1+ 27.
Kg2 Rb8 28. Re2 Rb1 29. Re3 Rb5 30. f4 Rb2 31. Rd3 g5 32. fxg5 Rxg5+ 33. Rg3
Rf5 34. Rxb4 Rfxf2+ 35. Kg1 f5 36. Rh3 Rfd2 37. Rf4 Kd6 38. Rxh7 Rxb3 39. Rf2
Rxf2 40. Kxf2 Ra3 41. h4 Rxa5 42. h5 Ra2+ 43. Kg3 Ra3+ 44. Kf4 Ra4+ 45. Kg5 Ke5
46. Rf7 Rg4+ 47. Kh6 f4 48. Kh7 Ke4 49. h6 f3 50. Kh8 e5 51. h7 Ke3 52. Rg7 Rh4
53. Kg8 f2 54. Rf7 e4 55. h8=Q Rxh8+ 56. Kxh8 Ke2 57. Kg7 f1=Q 0-1

[Event "Nopean shakin SM 2020"]
[Site "?"]
[Date "2020.08.22"]
[Round "2"]
[White "Lahdelma, Henri"]
[Black "Suominen, Antti"]
[Result "0-1"]
[WhiteElo "2274"]
[BlackElo "1973"]
[PlyCount "74"]
[EventDate "2020.??.??"]
[SourceDate "2021.11.06"]
[SourceVersionDate "2021.11.06"]

1. d4 d5 2. c4 c6 3. cxd5 cxd5 4. Nc3 Nf6 5. Bf4 e6 6. e3 Be7 7. Rc1 O-O 8. Nf3
a6 9. Bd3 Nbd7 10. O-O b5 11. a4 b4 12. Ne2 Bb7 13. Rc7 Rb8 14. Qb1 h6 15. Rfc1
Nh5 16. a5 Nxf4 17. Nxf4 Bd6 18. R7c2 Qxa5 19. b3 Rfc8 20. g3 Rxc2 21. Rxc2 Qd8
22. Ra2 Ra8 23. Qf1 a5 24. Qh3 Nf6 25. g4 Ne4 26. Qh5 Rc8 27. Ne5 Bxe5 28. dxe5
Ng5 29. h4 Nf3+ 30. Kf1 Rc1+ 31. Ke2 Ng1+ 32. Kd2 Qc7 33. Rc2 Rxc2+ 34. Bxc2
Qc3+ 35. Kd1 Nf3 36. Kc1 d4 37. g5 Be4 0-1

[Event "Nopean shakin SM 2020"]
[Site "?"]
[Date "2020.08.22"]
[Round "3"]
[White "Sammalvuo, Tapani"]
[Black "Ronka, Erik"]
[Result "1/2-1/2"]
[WhiteElo "2409"]
[BlackElo "2294"]
[PlyCount "94"]
[EventDate "2020.??.??"]
[SourceDate "2021.11.06"]
[SourceVersionDate "2021.11.06"]

1. d4 d5 2. c4 c6 3. Nf3 Nf6 4. cxd5 cxd5 5. Nc3 Nc6 6. Bf4 Bf5 7. e3 e6 8. Qb3
Bb4 9. Bb5 O-O 10. Bxc6 Bxc3+ 11. Qxc3 Rc8 12. Ne5 bxc6 13. Rc1 c5 14. dxc5 Ne4
15. Qa3 f6 16. Nd3 e5 17. f3 Nxc5 18. Nxc5 exf4 19. exf4 Qd6 20. g3 Rfe8+ 21.
Kf2 d4 22. Qb3+ Kh8 23. Ne4 Bxe4 24. fxe4 Rb8 25. Qa3 Qxa3 26. bxa3 Rb2+ 27.
Kf3 Rxa2 28. e5 fxe5 29. fxe5 Rxa3+ 30. Ke4 Re3+ 31. Kxd4 R3xe5 32. Rc7 R5e7
33. Rc5 h6 34. Ra1 Re1 35. Rxe1 Rxe1 36. Ra5 Re7 37. h4 Kg8 38. h5 Kf7 39. Ra6
Kg8 40. g4 Kf7 41. Kd3 Ke8 42. Kd4 Kd8 43. Rg6 Kc7 44. g5 hxg5 45. Rxg5 Kb6 46.
Kc4 Rf7 47. Kb4 Re7 1/2-1/2

[Event "Nopean shakin SM 2020"]
[Site "?"]
[Date "2020.08.22"]
[Round "3"]
[White "Jarvenpaa, Jari"]
[Black "Luukkonen, Tommi"]
[Result "0-1"]
[WhiteElo "2278"]
[BlackElo "2333"]
[PlyCount "72"]
[EventDate "2020.??.??"]
[SourceDate "2021.11.06"]
[SourceVersionDate "2021.11.06"]

1. Nf3 d5 2. b3 Bg4 3. e3 Nf6 4. Bb2 e6 5. Be2 c5 6. Ne5 Bxe2 7. Qxe2 a6 8. O-O
Bd6 9. d3 Qc7 10. f4 O-O 11. Nd2 b5 12. Ndf3 Ne8 13. c4 f6 14. Ng4 Nc6 15. cxd5
exd5 16. g3 Qd7 17. Nf2 Nc7 18. Rfe1 Rfe8 19. e4 b4 20. Qc2 d4 21. a4 Na5 22.
Rab1 Bf8 23. Nd2 Ne6 24. Nc4 Nxc4 25. Qxc4 Kh8 26. e5 f5 27. Nh3 h6 28. Rbc1 g5
29. Rc2 Be7 30. g4 Rg8 31. gxf5 Nxf4 32. Nxf4 gxf4+ 33. Kf1 Qxf5 34. Ke2 f3+
35. Kd1 f2 36. Rf1 Rg1 0-1

[Event "Nopean shakin SM 2020"]
[Site "?"]
[Date "2020.08.22"]
[Round "3"]
[White "Heinola, Vesa-Pekka"]
[Black "Lahdelma, Henri"]
[Result "1/2-1/2"]
[WhiteElo "2324"]
[BlackElo "2274"]
[PlyCount "76"]
[EventDate "2020.??.??"]
[SourceDate "2021.11.06"]
[SourceVersionDate "2021.11.06"]

1. d4 d5 2. c4 c6 3. Nc3 e6 4. cxd5 exd5 5. Qc2 Nf6 6. Nf3 Be7 7. Bg5 O-O 8. e3
Nbd7 9. Bd3 Re8 10. h3 Nf8 11. O-O-O b5 12. g4 Ne4 13. Bxe4 Bxg5 14. Bd3 Be7
15. Rhg1 Qa5 16. Kb1 Bd7 17. g5 Rac8 18. Ne5 g6 19. f4 b4 20. Na4 c5 21. Nxc5
Bxc5 22. dxc5 Rxc5 23. Qd2 Be6 24. Rc1 Rec8 25. Rxc5 Rxc5 26. Rc1 Rxc1+ 27.
Qxc1 d4 28. b3 dxe3 29. Qxe3 Qd5 30. Qe4 Qd6 31. h4 Qc5 32. Qe1 a5 33. Nc4 a4
34. Qe3 Qc6 35. Be4 Qd7 36. Qd3 Qa7 37. Qe3 Qd7 38. Qd3 Qa7 1/2-1/2

[Event "Nopean shakin SM 2020"]
[Site "?"]
[Date "2020.08.22"]
[Round "3"]
[White "Nazarova, Anastasia"]
[Black "Keinanen, Toivo"]
[Result "0-1"]
[WhiteElo "2192"]
[BlackElo "2512"]
[PlyCount "110"]
[EventDate "2020.??.??"]
[SourceDate "2021.11.06"]
[SourceVersionDate "2021.11.06"]

1. e4 d6 2. d4 Nf6 3. Nc3 e6 4. Be3 Be7 5. f3 a6 6. Qd2 b5 7. O-O-O Nbd7 8. g4
Nb6 9. a3 Bb7 10. Kb1 d5 11. e5 Nfd7 12. Na2 c5 13. Nh3 Nc4 14. Bxc4 dxc4 15.
Rhf1 Qc7 16. Bg5 Nb6 17. Bxe7 Qxe7 18. dxc5 Qxc5 19. Qg5 O-O 20. Nf4 h6 21. Qh5
Qe3 22. Ng2 Qg5 23. Qxg5 hxg5 24. Nc3 Rfd8 25. Kc1 Rxd1+ 26. Kxd1 Nd7 27. Ke2
Nxe5 28. Ne1 Rd8 29. h3 f6 30. f4 gxf4 31. Rxf4 Ng6 32. Rf2 e5 33. Ke3 Nf4 34.
h4 Kf7 35. g5 Rh8 36. gxf6 gxf6 37. Rh2 Kg6 38. Nf3 Kf5 39. Nd2 Rxh4 40. Rxh4
Ng2+ 41. Kf2 Nxh4 42. a4 Bc6 43. Na2 Ke6 44. Nb4 Bb7 45. axb5 axb5 46. Nb1 Kd6
47. Nc3 Kc5 48. Nba2 Nf5 49. Nd1 Be4 50. c3 Bc2 51. Ne3 Nxe3 52. Kxe3 f5 53.
Nc1 f4+ 54. Kf3 Kd5 55. Ne2 Bd1 0-1

[Event "Nopean shakin SM 2020"]
[Site "?"]
[Date "2020.08.22"]
[Round "4"]
[White "Luukkonen, Tommi"]
[Black "Keinanen, Toivo"]
[Result "1-0"]
[WhiteElo "2333"]
[BlackElo "2512"]
[PlyCount "75"]
[EventDate "2020.??.??"]
[SourceDate "2021.11.06"]
[SourceVersionDate "2021.11.06"]

1. c4 e6 2. g3 d5 3. Bg2 Nf6 4. Nf3 dxc4 5. O-O c5 6. Na3 Nc6 7. Nxc4 Be7 8. b3
O-O 9. Bb2 Nd5 10. e4 Nb6 11. Rc1 Nxc4 12. Rxc4 b6 13. Qa1 f6 14. Rd1 e5 15.
Rcc1 Be6 16. h3 Qd7 17. Kh2 Rfd8 18. d3 Qe8 19. Qb1 Qf7 20. Nh4 a5 21. Nf5 Bf8
22. Ne3 Rdb8 23. f4 exf4 24. gxf4 Qc7 25. e5 fxe5 26. f5 Bf7 27. Be4 a4 28. Rg1
axb3 29. axb3 Nd4 30. f6 g6 31. Kh1 Qd7 32. Ng4 Re8 33. Rcf1 Nxb3 34. Rg2 Rad8
35. Nxe5 Qe6 36. d4 Kh8 37. d5 Qxh3+ 38. Rh2 1-0

[Event "Nopean shakin SM 2020"]
[Site "?"]
[Date "2020.08.22"]
[Round "4"]
[White "Lahdelma, Henri"]
[Black "Sammalvuo, Tapani"]
[Result "0-1"]
[WhiteElo "2274"]
[BlackElo "2409"]
[PlyCount "82"]
[EventDate "2020.??.??"]
[SourceDate "2021.11.06"]
[SourceVersionDate "2021.11.06"]

1. d4 Nf6 2. c4 e6 3. Nf3 d5 4. cxd5 exd5 5. Nc3 c6 6. Bg5 Be7 7. e3 Bf5 8. Bd3
Bxd3 9. Qxd3 Nbd7 10. O-O O-O 11. Rab1 a5 12. a3 Ne4 13. Bf4 Ndf6 14. b4 axb4
15. axb4 Ra3 16. Rfc1 Bd6 17. Bxd6 Nxd6 18. Qd1 Nfe4 19. Nxe4 Nxe4 20. Ra1 Rxa1
21. Rxa1 Qe7 22. Qb3 Nd6 23. Ne5 Re8 24. Qc3 Qc7 25. Qc5 Ne4 26. Qa5 Qe7 27.
Qb6 Nd6 28. Qc5 Qc7 29. Qa5 Qe7 30. Qc5 Qc7 31. Qa5 Qe7 32. Qc5 Qe6 33. Ra7 Qf5
34. g3 Ne4 35. Qc2 f6 36. Nd3 Nxf2 37. Qxf2 Qxd3 38. Qf4 Qb1+ 39. Kg2 Qxb4 40.
Qc7 Qd2+ 41. Kh3 Qe2 0-1

[Event "Nopean shakin SM 2020"]
[Site "?"]
[Date "2020.08.22"]
[Round "4"]
[White "Ronka, Erik"]
[Black "Heinola, Vesa-Pekka"]
[Result "0-1"]
[WhiteElo "2294"]
[BlackElo "2324"]
[PlyCount "58"]
[EventDate "2020.??.??"]
[SourceDate "2021.11.06"]
[SourceVersionDate "2021.11.06"]

1. e4 c5 2. Nf3 e6 3. g3 Nc6 4. Bg2 g6 5. d4 cxd4 6. Nxd4 Qb6 7. Nb3 Bg7 8. O-O
Nge7 9. Na3 d5 10. exd5 exd5 11. c4 d4 12. c5 Qd8 13. Nb5 O-O 14. Bf4 Be6 15.
Bd6 Bc4 16. Bxc6 Nxc6 17. Bxf8 Kxf8 18. Nd6 Bxf1 19. Qxf1 Qd7 20. Re1 a5 21.
Nc4 Rd8 22. Qd3 a4 23. Nbd2 Qd5 24. Ne4 Nb4 25. Qf1 Nc2 26. Nb6 Qc6 27. Re2 d3
28. Rxc2 dxc2 29. Nc3 Bxc3 0-1

[Event "Nopean shakin SM 2020"]
[Site "?"]
[Date "2020.08.22"]
[Round "4"]
[White "Kumpulainen, Kalle"]
[Black "Jarvenpaa, Jari"]
[Result "1/2-1/2"]
[WhiteElo "2052"]
[BlackElo "2278"]
[PlyCount "81"]
[EventDate "2020.??.??"]
[SourceDate "2021.11.06"]
[SourceVersionDate "2021.11.06"]

1. e4 c6 2. d4 d5 3. e5 c5 4. dxc5 e6 5. a3 Ne7 6. Nf3 Ng6 7. b4 a5 8. Bb2 axb4
9. axb4 Rxa1 10. Bxa1 b6 11. Bd4 bxc5 12. bxc5 Bxc5 13. Bb5+ Bd7 14. Bxd7+ Nxd7
15. O-O Bxd4 16. Qxd4 Qc7 17. Na3 O-O 18. c4 Ra8 19. Nb5 Qxc4 20. Qxc4 dxc4 21.
Nd6 Ngxe5 22. Nxe5 Nxe5 23. f4 Nd3 24. Nxc4 h5 25. g3 Ra2 26. Rd1 Nc5 27. Rd2
Ra1+ 28. Kg2 Rc1 29. Ne5 f6 30. Nf3 Kh7 31. Re2 Rd1 32. Rd2 Ra1 33. Rc2 Ra5 34.
Re2 Kg8 35. Rc2 Kf7 36. Nd4 Kg8 37. Nc6 Rb5 38. Nd4 Ra5 39. Nc6 Rb5 40. Nd4 Ra5
41. Nc6 1/2-1/2

[Event "Nopean shakin SM 2020"]
[Site "?"]
[Date "2020.08.22"]
[Round "4"]
[White "Henriksson, Svante"]
[Black "Suominen, Antti"]
[Result "1-0"]
[WhiteElo "2034"]
[BlackElo "1973"]
[PlyCount "79"]
[EventDate "2020.??.??"]
[SourceDate "2021.11.06"]
[SourceVersionDate "2021.11.06"]

1. d4 Nf6 2. Nf3 g6 3. c4 Bg7 4. Nc3 d5 5. cxd5 Nxd5 6. e4 Nxc3 7. bxc3 c5 8.
Be2 O-O 9. O-O Nc6 10. Be3 cxd4 11. cxd4 Bg4 12. Rb1 b6 13. d5 Ne5 14. Nxe5
Bxe2 15. Qxe2 Bxe5 16. Rfd1 Rc8 17. f4 Bd6 18. Qa6 Qd7 19. Rbc1 Bb8 20. Qe2 Qa4
21. e5 Qe4 22. Qf3 Qxf3 23. gxf3 Rfd8 24. Rxc8 Rxc8 25. Kf2 Kg7 26. Ke2 Rc2+
27. Rd2 Rxd2+ 28. Kxd2 g5 29. Kd3 gxf4 30. Bxf4 Kg6 31. Ke4 f6 32. exf6 Bxf4
33. fxe7 Kf7 34. Kxf4 Kxe7 35. Ke5 b5 36. d6+ Kf7 37. Kd5 a5 38. Kc6 b4 39. d7
Ke7 40. Kc7 1-0

[Event "Nopean shakin SM 2020"]
[Site "?"]
[Date "2020.08.22"]
[Round "5"]
[White "Sammalvuo, Tapani"]
[Black "Luukkonen, Tommi"]
[Result "1-0"]
[WhiteElo "2409"]
[BlackElo "2333"]
[PlyCount "79"]
[EventDate "2020.??.??"]
[SourceDate "2021.11.06"]
[SourceVersionDate "2021.11.06"]

1. Nf3 g6 2. d4 Bg7 3. e4 d6 4. Nc3 a6 5. Bd3 Nf6 6. h3 O-O 7. Ne2 Nc6 8. Ng3
e5 9. dxe5 Nxe5 10. Nxe5 dxe5 11. Be3 Qe7 12. O-O b6 13. Qe2 Bb7 14. Rfd1 Nd7
15. c3 Nc5 16. Bc2 h5 17. b4 Ne6 18. a3 h4 19. Nf1 f5 20. exf5 gxf5 21. Qh5 e4
22. Bb3 Bc6 23. Bg5 Bf6 24. Qg6+ Kh8 25. Qh6+ Kg8 26. Qg6+ Kh8 27. Qh6+ Kg8 28.
Ne3 Rae8 29. Nxf5 Qf7 30. Bxf6 Qxf6 31. Qxf6 Rxf6 32. Nxh4 Kg7 33. Bxe6 Rexe6
34. Re1 Bb5 35. Re3 Bd3 36. Rae1 Rc6 37. Rc1 Kh6 38. g3 Rc4 39. f3 Rd6 40. Nf5+
1-0